Central Library OPAC University of Rajshahi

The theory of the electronic spectra of organic molecules / (Record no. 72353)

MARC details
000 -LEADER
fixed length control field 00942nam a2200301 a 4500
001 - CONTROL NUMBER
control field 72353
003 - CONTROL NUMBER IDENTIFIER
rucl marc code BD-RjUL
005 - DATE AND TIME OF LATEST TRANSACTION
control field 20211209082242.0
008 - FIXED-LENGTH DATA ELEMENTS--GENERAL INFORMATION
fixed length control field 170516s1963 enka 001 0 eng d
035 ## - SYSTEM CONTROL NUMBER
System control number (BD-RjUL)72570
System control number (OCoLC)04893903
System control number GLIS00557344
040 ## - CATALOGING SOURCE
Transcribing agency IBA
Modifying agency m.c.
-- RCD
-- BD-RjUL
Original cataloging agency BD-RjUL
Language of cataloging eng
041 ## - LANGUAGE CODE
Language code of text/sound track or separate title eng
082 ## - DEWEY DECIMAL CLASSIFICATION NUMBER
Edition number 23
Classification number 543.54
Author mark and year MUT 1963
090 ## - LOCALLY ASSIGNED LC-TYPE CALL NUMBER (OCLC); LOCAL CALL NUMBER (OCLC)
Classification number (OCLC) (R) ; Classification number, CALL (RLIN) (NR) QC463.H9
Local cutter number (OCLC) ; Book number/undivided call number, CALL (RLIN) M984
099 ## - LOCAL FREE-TEXT CALL NUMBER (OCLC)
Bangla Class number QC463.H9.M984
100 1# - MAIN ENTRY--PERSONAL NAME
Personal name Murrell, J. N.
Fuller form of name (John Norman)
9 (RLIN) 208448
245 14 - TITLE STATEMENT
Title The theory of the electronic spectra of organic molecules /
Statement of responsibility, etc. J. N. Murrell.
260 ## - PUBLICATION, DISTRIBUTION, ETC. (IMPRINT)
Place of publication, distribution, etc. London ;
-- New York :
Name of publisher, distributor, etc. J. Wiley,
Date of publication, distribution, etc. c1963.
300 ## - PHYSICAL DESCRIPTION
Pagination xiv, 328 p :
Illustrations ill. ;
Size 23 cm.
500 ## - GENERAL NOTE
General note "First published in 1963."
504 ## - BIBLIOGRAPHY, ETC. NOTE
Bibliography, etc Includes bibliographies and index.
650 #0 - SUBJECT ADDED ENTRY--TOPICAL TERM
Topical term or geographic name as entry element Molecular spectroscopy
9 (RLIN) 159638
Topical term or geographic name as entry element Hydrocarbons
General subdivision Spectra.
9 (RLIN) 213976
Topical term or geographic name as entry element Molecular spectra.
9 (RLIN) 159424
942 ## - ADDED ENTRY ELEMENTS (KOHA)
Source of classification or shelving scheme Dewey Decimal Classification
Koha item type Books
Holdings
Lost status Source of classification or shelving scheme Damaged status Not for loan Collection code Permanent Location Current Location Shelving location Date acquired Source of acquisition Cost, normal purchase price Total Checkouts Full call number Date last seen Copy number Koha item type
  Dewey Decimal Classification   Not For Loan Non-fiction Central Library, University of Rajshahi Central Library, University of Rajshahi Reading Room 28/04/1967 Mirza books agency 41.25   543.54 MUT 1963 16/05/2017 C-1 Books